REDNIA. Red Nacional de Información Agropecuaria (Registro nro. 72)
[ vista simple ]
| 000 -CABECERA | |
|---|---|
| campo de control de longitud fija | 00341cma a22001212a 4500 |
| 001 - NÚMERO DE CONTROL | |
| campo de control | T027600010323 |
| 008 - DATOS DE LONGITUD FIJA--INFORMACIÓN GENERAL | |
| campo de control de longitud fija | 181013b xxx|||||o||j||00| 0 esp d |
| 040 ## - FUENTE DE LA CATALOGACIÓN | |
| Centro catalogador/agencia de origen | FEVP |
| Centro/agencia transcriptor | FEVP |
| 100 ## - ENTRADA PRINCIPAL--NOMBRE DE PERSONA | |
| Nombre de persona | Ministerio de Agricultura y Ganadería |
| 245 ## - MENCIÓN DE TÍTULO | |
| Título | REDNIA. Red Nacional de Información Agropecuaria |
| 856 ## - LOCALIZACIÓN Y ACCESO ELECTRÓNICOS | |
| Identificador Uniforme del Recurso | <a href="http://www.mag.go.cr/Rednia/">http://www.mag.go.cr/Rednia/</a> |
| 942 ## - ELEMENTOS DE PUNTO DE ACCESO ADICIONAL (KOHA) | |
| Tipo de ítem Koha | Recurso Electrónico |
No hay ítems disponibles.